| 000 | 00445nam a2200169Ia 4500 | ||
|---|---|---|---|
| 008 | 140306s9999 xx 000 0 und d | ||
| 020 | _a9.7805905083e+012 | ||
| 050 |
_aPZ 7 _b.K94Mb 1996 |
||
| 100 | _aKrulik, Nancy E. | ||
| 245 |
_aButterfly and the bog beast / _cNancy E. Krulik |
||
| 260 |
_aUSA : _bScholastic Inc, _cc1996. |
||
| 300 |
_a30 p. : _bcol. Ill. ; _c18 cm. |
||
| 521 | _aG3 | ||
| 526 | _c500 | ||
| 942 | _cBK | ||
| 999 |
_c42890 _d42890 |
||